000 00184nam a2200073Ia 4500
008 170524s9999 xx 000 0 und d
100 _aSAINI- DEVI.S
245 0 _aHUMAN RESOURCE- MANAGEMENT
260 _bRESPONSE BOOKS
999 _c8246
_d8246